Historia del Centro Vasco Denak-Bat, Mar del Plata

Saved in:
Bibliografiske detaljer
Hovedforfatter: Alvarez, Adriana (Author)
Format: Bog
Sprog:spansk
engelsk
catalansk
Udgivet: San Sebastián Eusko Jaurlaritza 2002
Serier:Colección Urazandi Bilduma, 7
Fag:
Tags: Tilføj Tag
Ingen Tags, Vær først til at tagge denne postø!

MARC

LEADER 00000nam a2200000 a 4500
001 UCL5868
003 CL-VaPUC
008 040319e20020000sp |||||||||||||||||spa|d
020 |a 8445719262 
041 0 7 |a spa  |2 CL-VaPUC 
041 0 7 |a eng  |2 CL-VaPUC 
041 0 7 |a cat  |2 CL-VaPUC 
082 0 4 |a 303.482  |b ALV  |2 21 
100 0 |a Alvarez, Adriana  |e author  |9 483594 
245 1 0 |a Historia del Centro Vasco Denak-Bat, Mar del Plata 
300 |a 195 p 
942 |c BK 
945 |d 20040319 00:00:00  |a cmena 
260 |a San Sebastián  |b Eusko Jaurlaritza  |c 2002 
600 0 7 |a COMUNIDAD VASCA  |2 CL-VaPUC  |9 483595 
600 0 7 |a CENTRO VASCO DENAK-BAT  |2 CL-VaPUC  |9 483596 
650 0 |a Influencia social  |9 309315 
650 0 |a Emigración  |9 343094 
650 0 |a Cambio social   |9 256857 
650 0 |a Costumbres y tradiciones   |9 268292 
650 0 |a Desarrollo económico y social   |9 256320 
651 7 |a MAR DEL PLATA  |2 CL-VaPUC  |9 483597 
583 |a last modification  |c 20150507 04:13:28  |k Rodrigo Vera 
490 0 |a Colección Urazandi Bilduma, 7 
999 |c 308248  |d 308246 
952 |0 0  |1 0  |4 0  |6 303_482000000000000_ALV_2002  |7 0  |8 A  |9 374592  |a BIBHIS  |b BIBHIS  |d 2019-11-21  |i 398799K  |o 303.482 ALV 2002  |p 398799K  |r 2025-01-20  |w 2019-11-21  |y BK  |k HIS